Ranks of MASH characters - Statistics

General Stats
  • This quiz has been taken 725 times
    708 since last reset
  • The average score is 8 of 11
Answer Stats
Rank Character % Correct
Colonel Sherman T. Potter
97%
Major Margaret Houlihan
91%
Lieutenant Colonel Frank Burns
89%
Captain Benjamin Franklin Pierce
88%
Captain B.J. Hunnicutt
86%
Major Charles Emerson Winchester III
84%
Captain John McIntyre
83%
Lieutenant Colonel Henry Blake
67%
Corporal Walter O'Reilly
62%
Captain Francis John Patrick Mulcahy
59%
Sergeant Maxwell Q. Klinger
42%
No matching quizzes found
Score Distribution
Percent of People with Each Score
Percentile by Number Answered
Your Score History
You have not taken this quiz since the last reset